| 000 | 00860nam a22002657a 4500 | ||
|---|---|---|---|
| 001 | 332 | ||
| 003 | BD-RjUL | ||
| 005 | 20211208233147.0 | ||
| 008 | 131117s1989 ii ao 001 0 eng d | ||
| 020 | _a0876926200 | ||
| 035 | _a(BD-RjUL)349 | ||
| 040 |
_aBD-RjUL _beng _cBD-RjUL _dBD-RjUL |
||
| 041 | _aeng | ||
| 082 |
_219 _a004 _bHUC 1989 |
||
| 100 | 1 |
_aHussain, Khateeb M. _91060 |
|
| 245 | 0 | 4 |
_acomputers : _btechnology, applications, and social implications, with BASIC and Pascal / _cKhateeb M Hussain , Donna Hussain; |
| 260 |
_aNew Delhi : _bPrentice-Hall of India Private Ltd. , _cc1989 |
||
| 300 |
_aVarious pages : _bill., photos ; _c26 cm. |
||
| 500 | _aGlossary:p.G1-17 | ||
| 504 | _aIncludes indexs. | ||
| 650 | 0 |
_aComputers _91061 |
|
| 650 | 0 |
_aPascal (Computer program language) _91014 |
|
| 700 | 1 |
_a Hussain, Donna S. _91062 |
|
| 942 |
_2ddc _cBK |
||
| 999 |
_c332 _d332 |
||